Money and banking in British Colonial Africa : (Record no. 2730)

MARC details
000 -LEADER
fixed length control field 01208cam a22003371a 4500
001 - CONTROL NUMBER
control field 8393200
003 - CONTROL NUMBER IDENTIFIER
control field OSt
005 - DATE AND TIME OF LATEST TRANSACTION
control field 20230626133244.0
008 - FIXED-LENGTH DATA ELEMENTS--GENERAL INFORMATION
fixed length control field 790309s1954 enka b 001 0 eng c
010 ## - LIBRARY OF CONGRESS CONTROL NUMBER
LC control number a 55008677
015 ## - NATIONAL BIBLIOGRAPHY NUMBER
National bibliography number GB54-15702
035 ## - SYSTEM CONTROL NUMBER
System control number (OCoLC)4731291
040 ## - CATALOGING SOURCE
Original cataloging agency Rochester. Univ. Libr.
Transcribing agency LU
Modifying agency OCoLC
-- DNAL
-- Uk
-- DLC
042 ## - AUTHENTICATION CODE
Authentication code premarc
043 ## - GEOGRAPHIC AREA CODE
Geographic area code fc-----
-- fe-----
-- fw-----
050 00 - LIBRARY OF CONGRESS CALL NUMBER
Classification number HG3394
Item number .N4
070 0# - NATIONAL AGRICULTURAL LIBRARY CALL NUMBER
Classification number HG3394.N4
072 00 - SUBJECT CATEGORY CODE
Subject category code E100
-- X700
082 ## - DEWEY DECIMAL CLASSIFICATION NUMBER
Classification number 332.1
Item number NEW
100 1# - MAIN ENTRY--PERSONAL NAME
Personal name Newlyn, Walter Tessier.
245 10 - TITLE STATEMENT
Title Money and banking in British Colonial Africa :
Remainder of title a study of the monetary and banking systems of eight British African territories /
Statement of responsibility, etc. by W.T. Newlyn and D.C. Rowan.
260 ## - PUBLICATION, DISTRIBUTION, ETC. (IMPRINT)
Place of publication, distribution, etc. Oxford, [England] :
Name of publisher, distributor, etc. Clarendon Press,
Date of publication, distribution, etc. 1954.
300 ## - PHYSICAL DESCRIPTION
Extent xiv, 301 p. :
Other physical details ill. ;
Dimensions 22 cm.
440 #0 - SERIES STATEMENT/ADDED ENTRY--TITLE
Title Oxford studies in African affairs
504 ## - BIBLIOGRAPHY, ETC. NOTE
Bibliography, etc Includes bibliographical references and index.
650 #0 - SUBJECT ADDED ENTRY--TOPICAL TERM
Topical term or geographic name as entry element Banks and banking
Geographic subdivision Great Britain
General subdivision Colonies
Geographic subdivision Africa.
650 #0 - SUBJECT ADDED ENTRY--TOPICAL TERM
Topical term or geographic name as entry element Currency question
Geographic subdivision Great Britain
General subdivision Colonies
Geographic subdivision Africa.
700 1# - ADDED ENTRY--PERSONAL NAME
Personal name Rowan, D. C.
Fuller form of name (David Culloden),
Dates associated with a name 1918-
906 ## - LOCAL DATA ELEMENT F, LDF (RLIN)
a 7
b cbc
c oclcrpl
d u
e ncip
f 19
g y-gencatlg
942 ## - ADDED ENTRY ELEMENTS (KOHA)
Source of classification or shelving scheme Dewey Decimal Classification
Koha item type Books
Holdings
Withdrawn status Lost status Source of classification or shelving scheme Damaged status Not for loan Home library Current library Date acquired Total Checkouts Full call number Barcode Date last seen Price effective from Koha item type
    Dewey Decimal Classification     County Hall Archives County Hall Archives 06/26/2023   332.1 NEW 10001073 06/26/2023 06/26/2023 Books
LIBRARY OPENING HOURS

When the Parliament is sitting: 8.00a.m - 7.00p.m or until the house adjourns
Mondays and Fridays and when the House is on Recess:  8.00a.m - 5.00p.m
Closed on Weekends and Public Holidays

Online Public Access Catalog (OPAC)
Website: http://www.parliament.go.ke
Bunge Library: https://libraryir.parliament.go.ke
Contact: library@parliament.go.ke | Tel no: (254-2)2221291 or 2848000 Ext 5043